000 00676nam a2200229Ia 4500
003 OSt
005 20220926004259.0
006 a|||||r|||| 00| 0
007 ta
008 220923b |||||||| |||| 00| 0 eng d
037 _cGeneral Book
040 _aRTL
_cRTL
_beng
041 _2eng
_aeng
082 _aW,31m2,N.N67, K7.60
110 _aINDIA, RAJYA SABHA
_9263636
245 0 _aRajya sabha official report
_b Parliamentary debates
260 _a New Delhi
_bRajya sabha secretariat
_c1967
300 _a1857-3986p
_ccm.
700 _aINDIA, RAJYA SABHA
_9263637
942 _hW,31m2,N.N67, K7.60
_cGB
_2CC
999 _c610536
_d610536